Suomen puhutuimmat äidinkielet - Statistics

Yleistilastot
  • Tätä visaa on pelattu 22 673 kertaa
    9 114 viimeisimmän päivityksen jälkeen
  • Keskiarvotulos 10 / 15
Vastaustilastot
Puhujia Kieli % Oikein
4 778 891 suomi
100%
287 052 ruotsi
99%
93 535 venäjä
97%
29 448 englanti
93%
50 318 viro
92%
39 069 arabia
80%
15 735 kiina
79%
10 600 espanja
78%
24 647 somali
67%
11 274 thai
43%
10 913 turkki
43%
13 138 vietnam
30%
16 603 kurdi
25%
18 097 persia
25%
15 576 albania
15%
Ehtoja vastaavia visoja ei löytynyt
Tulosjakauma
Jokaisen tuloksen saaneiden osuus
Persentiili vastausten määrän mukaan
Tuloshistoriasi
Et ole pelannut tätä visaa sen viimeisimmän päivityksen jälkeen